Vplyv výskytu opeľovačov na úrody semena lucerny

Bibliographic Details
Main Authors: Ptáček, Vladimír, 1944- (Author), Ambruš, Pavol (Author), Ševečka, Ľudovít (Author)
Format: Article
Language:Slovak
Subjects:

MARC

LEADER 00000nab a2200000 a 4500
001 vtls000005463
003 SK-MaSNL
005 20260303021200.0
008 111103c1978 xo 0 slo
015 |a SNBRB19rr/mm-uuuuu 
035 |a CL0015556 
040 |a SNKBUCL  |b slo  |c SNKBUCL  |e AACR2 
041 0 |a slo 
044 |a xo  |c SK 
080 |a 633.2/.3  |2 1981 
080 |a 631.5  |2 1981 
100 1 |a Ptáček, Vladimír,  |d 1944-  |4 aut  |9 100957 
245 1 0 |a Vplyv výskytu opeľovačov na úrody semena lucerny  |c Vladimír Ptáček, Pavol Ambruš, Ľudovít Ševečka 
650 0 7 |a lucerna  |2 SNKPH  |9 217308 
650 0 7 |a opeľovanie  |2 SNKPH  |9 692771 
655 7 |a články z novín a časopisov  |2 SNK  |9 267496 
700 1 |a Ambruš, Pavol  |4 aut  |9 281505 
700 1 |a Ševečka, Ľudovít  |4 aut  |9 761719 
773 0 |t Úroda  |g Roč. 26, č. 6 (1978), s. 265-266 
850 |a Slovenská národná knižnica v Martine  |a MTA001 
852 |a SNK  |b KIS3GCP 
958 |a RK 
992 |a RBX 
999 |c 1621846  |d 1623776